历届茅盾文学奖获奖作品 - Statistics

General Stats
  • This quiz has been taken 24 times
  • The average score is 6 of 11
Answer Stats
届数 对应年份 作者 Answer % Correct
第三届 1985—1988 路遥/凌力/孙力、余小惠/刘白羽/霍达/萧克/徐兴业 《平凡的世界》/《少年天子》/《都市风流》/《第二个太阳》/《穆斯林的葬礼》/《浴血罗霄》/《金瓯缺》
95%
第八届 2007—2010 张炜/刘醒龙/莫言/毕飞宇/刘震云 《你在高原》/《天行者》/《蛙》/《推拿》/《一句顶一万句》
90%
第四届 1989—1994 王火/陈忠实/刘斯奋/刘玉民 《战争和人》/《白鹿原》/《白门柳》/《骚动之秋》
75%
第五届 1995—1998 张平/阿来/王安忆/王旭烽 《抉择》/《尘埃落定》/《长恨歌》/《茶人三部曲》
75%
第七届 2003—2006 贾平凹/迟子建/周大新/麦家 《秦腔》/《额尔古纳河右岸》/《湖光山色》/《暗算》
75%
第一届 1977—1981 周克芹/魏巍/莫应丰/姚雪垠/古华 《许茂和他的女儿们》/《东方》/《将军吟》/《李自成·第二部》/《芙蓉镇》
60%
第二届 1982—1984 李准/张洁/刘心武/ 《黄河东流去》/《沉重的翅膀》/《钟鼓楼》
40%
第九届 2011—2014 格非/王蒙/李佩甫/金宇澄/苏童 《江南三部曲》/《这边风景》/《生命册》/《繁花》/《黄雀记》
40%
第十届 2015—2018 梁晓声/徐怀中/徐则臣/陈彦/李洱 《人世间》/《牵风记》/《北上》/《主角》/《应物兄》
35%
第六届 1999—2002 熊召政/张洁/徐贵祥/柳建伟/宗璞 《张居正》/《无字》/《历史的天空》/《英雄时代》/《东藏记》
25%
第十一届 2019—2022 杨志军/乔叶/刘亮程/孙甘露/东西 《雪山大地》/《宝水》/《本巴》/《千里江山图》/《回响》
20%
No matching quizzes found
Score Distribution
Percent of People with Each Score
Percentile by Number Answered
Your Score History
You have not taken this quiz